Skills of human resources (Record no. 13176)

000 -LEADER
fixed length control field 00387pab a2200157 454500
008 - FIXED-LENGTH DATA ELEMENTS--GENERAL INFORMATION
fixed length control field 180718b1988 xxu||||| |||| 00| 0 eng d
100 ## - MAIN ENTRY--PERSONAL NAME
Personal name Cheltey, B.S.
245 ## - TITLE STATEMENT
Title Skills of human resources
Remainder of title Need for periodical review
260 ## - PUBLICATION, DISTRIBUTION, ETC.
Date of publication, distribution, etc. 1988
300 ## - PHYSICAL DESCRIPTION
Extent 163-9
362 ## - DATES OF PUBLICATION AND/OR SEQUENTIAL DESIGNATION
Dates of publication and/or sequential designation Jul.-Sept.
650 ## - SUBJECT ADDED ENTRY--TOPICAL TERM
Topical term or geographic name entry element Manpower
700 ## - ADDED ENTRY--PERSONAL NAME
Personal name K.N. Krishnaswamy
773 ## - HOST ITEM ENTRY
Main entry heading Productivity
909 ## -
-- 13176
Holdings
Withdrawn status Lost status Damaged status Not for loan Permanent Location Current Location Date acquired Serial Enumeration / chronology Barcode Date last seen Price effective from Koha item type
        Indian Institute of Public Administration Indian Institute of Public Administration 2018-07-19 Volume no: 29, Issue no: 2 AR13219 2018-07-19 2018-07-19 Articles

Powered by Koha